000 00278nam a2200109 4500
008 160702b xxu||||| |||| 00| 0 eng d
100 _91838
_a Kleiser, G
245 _aShort Story Writing
260 _aNew Delhi
_bA.P.H.
_c2004
300 _aShort Story Writing
942 _2ddc
_cBK
999 _c1542
_d1542